01630nam a2200385 a 4500001001200000003000800012006001900020007001500039008004100054010002300095020003300118020001800151020002700169040002100196035002000217043001200237050002600249082002100275100001900296245007100315260005600386300001600442504005100458505016800509533015200677650004100829650006300870650006300933650004100996650001801037655002901055710001701084856012601101999001701227ebr10555086CaPaEBRm u cr cn|||||||||930714s1993 utu sb 001 0 eng d z 93026946 //r94  z0874804167 (acid-free paper) z9780874806397 z9781607811985 (e-book) aCaPaEBRcCaPaEBR a(OCoLC)43476740 an-us---14aPE3102.I55bL4 1993eb04a427/.9/089972201 aLeap, William.10aAmerican Indian Englishh[electronic resource] /cWilliam L. Leap. aSalt Lake City :bUniversity of Utah Press,cc1993. avii, 312 p. aIncludes bibliographical references and index.0 apt. 1. Speakers and structures -- pt. 2. Indian English and ancestral language tradition -- pt. 3. History and functions -- pt. 4. Indian English in the classroom. aElectronic reproduction.bPalo Alto, Calif. :cebrary,d2011.nAvailable via World Wide Web.nAccess may be limited to ebrary affiliated libraries. 0aIndians of North AmericaxLanguages. 0aEnglish languagezUnited StatesxForeign elementsxIndian. 0aIndians of North AmericaxLanguagesxInfluence on English. 0aLanguages in contactzUnited States. 0aAmericanisms. 7aElectronic books.2local2 aebrary, Inc.40uhttp://site.ebrary.com/lib/rucke/Doc?id=10555086zAn electronic book accessible through the World Wide Web; click to view c91902d91902